เปลี่ยนเป็นภาษาไทย

Change to English
 แสดงรายละเอียดบรรณานุกรม
  กลับหน้าหลัก

Brief Record : Get Marc (ISO 2709) : E-mail record : QR code < ปิดหน้าต่าง
mysqli: Table './ulib62015/stat_globaluid' is marked as crashed and should be repaired
select id from stat_globaluid where statuid='20260517154547_3782' 
mysqli: Table './ulib62015/stat_globaluid' is marked as crashed and should be repaired
DELETE FROM stat_globaluid
			WHERE id NOT IN (
			  SELECT id
			  FROM (
				SELECT id
				FROM stat_globaluid
				ORDER BY id DESC
				LIMIT 100
			  ) foo
			); 
mysqli: Table './ulib62015/stat_globaluid' is marked as crashed and should be repaired
insert into stat_globaluid set
		statuid='20260517154547_3782',
		dt='1779007547',
		phpself='/ULIB62015/dublinfull.php',
		agent='Mozilla/5.0 AppleWebKit/537.36 (KHTML, like Gecko; compatible; ClaudeBot/1.0; +claudebot@anthropic.com)',
		yea='2026',
		mon='5',
		dat='17',
		ip='216.73.216.45'
		
		
mysqli: Table './ulib62015/stathist_viewbib_bib_type' is marked as crashed and should be repaired
insert into stathist_viewbib_bib_type set 
		dat='17' ,
		 mon='05' ,
		  yea='2026' ,
			 statuid='20260517154547_3782' ,
			 head='28972' ,
			 foot='marc' ,
			 dt='1779007547' 
		
LEADER : 01174nam 2200277 a 4500
001    28972
003     ULIB
008    030417s2004 caua sb 001 0 eng
020    ^a978-4160-2316-6
050    ^a84AA1
060    ^aN263H
082    ^aW
100    ^aNadinia Davis
245    ^aHealth information technology
913    ^aImported by ULIBM Administrator
945    ^p0^l0^i008743
949    ^aImport form external file by ULIBM system
รายการนี้ยังไม่มีแท็ก
คุณยังไม่ได้ล็อกอิน คุณสามารถมีกิจกรรมร่วมกับเว็บไซต์ได้ แต่ต้องล็อกอินก่อน ::
  ล็อกอิน
  One Stop Service : ศูนย์ให้บริการแบบเบ็ดเสร็จ   จัดการหนังสือโปรด   แจ้งรายการบรรณานุกรมผิดพลาด
ลำดับที่ ประเภท เลขเรียก/บาร์โค้ด สถานที่ สถานะ
1. หนังสือ
หนังสือ
W 84AA1 N263H 2004  
  Barcode: 008743
หนังสือทั่วไป บนชั้น
  ขอยืม

BibComment


ยังไม่เคยถูกคอมเมนท์

คอมเมนท์ทรัพยากรรายการนี้
  คอมเมนท์: Health informati..
Bib 28972

 
 
 

 Union Library Management : ULibM
Copyright 2026. All Rights Reserved.